000
00211nam a2200097Ia 4500
008
230907s9999||||xx |||||||||||||| ||und||
082
_a
320.6
_b
PUB
245
0
_a
Public policy /
300
_a
4 v. ;
942
_c
BK
999
_c
599401
_d
599401